000 00546nam a22001937a 4500
005 20211203150856.0
008 211203b xxu||||| |||| 00| 0 eng d
020 _a9789351461326
_cRs.500
040 _aLoreto College
041 _aHindi
082 _a491.43
_bDVI
100 _aDvivedi, Kapil Deva
245 _aBhasa vijnana evam bhasa sastra
_cKapil Deva Dvivedi
260 _aVaranasi
_bViswavidyalaya Prakashan
_c2016
300 _a511p.
_b24 cm.
650 _aHindi Grammar
850 _aLCLIB
942 _cBK
999 _c42812
_d93291